000 00992nam0a22002531 4500
001 rc\3039369
005 20250806201903.0
035 _a(NLR Aleph) 007179735
090 _a21358
_c21358
100 _a20111005d1941 u y0rusy50 ca
101 0 _arus
102 _aRU
105 _aa z |||||
200 1 _aМетодика производственного обучения обувщика-закройщика
_eПриемы работы по вырубке деталей верхнего кроя на штампе "Идеал"
_fШ. Хусаинов
210 _aМосква
_aЛенинград
_cГизлегпром
_d1941
_eСерпухов
215 _a44 с.
_cил., черт.
_d22 см
700 1 _aХусаинов
_bШ.Ш.
_gШамиль Шарапович
801 0 _aRU
_bNLR
_gpsbo
801 1 _aRU
_bELAR
_2rusmarc
852 _aNLR
_jТ60 Г-4/3
942 _cBOOK
945 _aРоссийская национальная библиотека
980 _aNB
980 _aBV